|
|
|
|
| LEADER |
00000cam a2200000 7i4500 |
| 001 |
0000009883 |
| 005 |
20071226.0 |
| 008 |
071005 |
| 020 |
|
|
|a 0743276833
|
| 090 |
0 |
0 |
|a MUL
|b ENG
|
| 100 |
1 |
|
|a Mullane, R. Mike
|
| 245 |
1 |
0 |
|a Riding rockets :
|b the outrageous tales of a space shuttle astronaut
|c Mike Mullane
|
| 260 |
|
|
|a New York :
|b Scribner ,
|c 2006
|
| 650 |
|
0 |
|a Astronauts
|z United States
|x Biography
|
| 650 |
|
0 |
|a English fiction
|
| 650 |
|
0 |
|a Mullane, R. Mike
|
| 650 |
|
0 |
|a Novel
|
| 650 |
|
0 |
|a Space Shuttle Program (U.S.)
|
| 999 |
|
|
|a 0001000111
|b Book
|c Adult Collection
|e Perbadanan Perpustakaan Awam Johor
|